Statistiques concernant Villes qui partagent le même nom

Cliquez ici pour prendre le quiz!

Statistiques générales

  • Ce quiz a été pris 123 fois
  • Le résultat moyen est 11 sur 30

Statistiques - réponses

Ville 1Ville 2Nom% Correct
Plus grande ville du 93Plus grande ville du 974Saint-Denis
88%
Préfecture d'un département d'Auvergne Rhône-AlpesGrande ville espagnoleValence
87%
Capitale d'un pays d'Afrique du NordSeconde ville du LibanTripoli
64%
Capitale européenneDonne son nom à un film de Wim Wenders, Palme d'Or en 1984Paris
62%
Préfecture d'un département des Pays de la LoireTroisième ville du QuébecLaval
57%
Capitale d'un pays d'Amérique centraleGrande ville californienneSan José
56%
Grande ville sur la côte atlantique françaiseChef-lieu d'une voblast biélorusseBrest
55%
Capitale économique de l'AllemagneCapitale de l'État du KentuckyFrancfort-sur-le-Main | Frankfort
52%
Dans les 10 plus grandes villes de FranceCapitale du VermontMontpellier | Montpelier
51%
Ville francophone de plus de 4 Millions d'habitantsPetite commune de l'AudeMontréal
47%
Grande ville des Bouches-du-RhôneVille allemande situé au niveau du tripoint entre l'Allemagne, la Belgique et les Pays-BasAix-en-Provence | Aix-la-Chapelle
43%
Capitale d'un pays d'Amérique du SudVille de Basse-CalifornieLa Paz
42%
Troisième ville d'AndalousieSeconde ville d'ArgentineCordoue | Córdoba
39%
Ville dans la partie ouest de la SuisseGrande ville allemande à proximité de la frontière avec la FranceFribourg | Fribourg-en-Brisgau
38%
Plus grande ville à l'ouest de l'AustralieHuitième ville d'ÉcossePerth
38%
Plus grande ville de l'État d'OregonPlus grande ville de l'État du MainePortland
36%
Capitale d'un pays d'Amérique centraleGrande ville côtière au BrésilSan Salvador | Salvador
34%
Capitale d'un pays d'Amérique du SudSeconde ville de MalaisieGeorgetown | George Town
32%
Plus grande ville bordant la mer BaltiqueVille dans l'agglomération de Tampa en FlorideSaint-Pétersbourg | St. Petersburg
29%
Ville proche de Kitchener dans l'OntarioCommune belge francophone, théâtre d'une célèbre batailleWaterloo
28%
Préfecture d'un département de Bourgogne-Franche-ComtéSeconde ville de l'État de GéorgieMâcon | Macon
25%
Grande ville bordant le PacifiqueTroisième ville des PhilippinesLos Angeles | Ángeles
23%
Grande ville mexicaine, 6ème en populationCapitale de province espagnoleLeón
22%
Ville phare de la révolution industriellePlus grande ville de l'État de l'AlabamaBirmingham
18%
Grande ville néerlandophoneCommune dans l'agglomération de BordeauxBruges
17%
Mégapole indienne (+11M habitants)Grande ville au sud du PakistanHyderabad | Hyderâbâd
15%
Chef-lieu d'un département FrançaisCapitale d'un pays insulaireBasse-Terre | Basseterre
9%
Seconde ville de l'État de VirginieQuatrième ville de la province de la Colombie BritanniqueRichmond
9%
Quatrième agglomération de Nouvelle-ZélandeDixième agglomération du CanadaHamilton
4%
Ville-préfecture dans la province chinoise du Zhejiang (2.5M habitants)Ville-préfecture dans la province chinoise du Jiangsu (1.4M habitants)Taizhou
1%

Distribution des résultats

Percentile par nombre de réponses

% des personnes avec chaque résultat

Votre développement - résultats

Vous n’avez pas pris ce quiz